000 00455nam a2200181Ia 4500
001 9538
005 20260306161726.0
008 260306t2002||||xx |||||||||||||| ||spa||
041 _aESP
082 _aS 381.3
_bB45
100 _aBermúdez Gonzáles, Guillermo J.
_eAUT
245 0 _aLa Franquicia:
_bElementos, relaciones y estrategias
260 _c2002
300 _a289 páginas :
_c
650 _aGEN
654 _aCHU
942 _cLIB
_dJUS
_fJUS
_2ddc
_n
999 _c9538
_d9538